000 01050cam a2200277 a 4500
001 13857897
005 20250226203415.0
008 050201s2006 cau b 001 0 eng
020 _a0534632815
050 0 0 _aBF637.C6
_bJ34 2006
082 0 0 _a158/.35
_221
100 1 _aJacobs, Edward E.,
_d1944-
245 1 0 _aGroup counseling :
_bstrategies and skills /
_cEd E. Jacobs, Robert L. Masson, Riley L. Harvill.
250 _a5th ed.
260 _aBelmont, CA :
_bThomson/Brooks/Cole,
_cc2006.
300 _axvi, 460 p. ;
_c24 cm.
500 _aIncludes Index
650 0 _aGroup counseling.
650 0 _aLeadership.
700 1 _aMasson, Robert L.,
_d1936-
700 1 _aHarvill, Riley L.,
_d1955-
856 4 2 _3Contributor biographical information
_uhttp://www.loc.gov/catdir/enhancements/fy1514/2005921578-b.html
856 4 2 _3Publisher description
_uhttp://www.loc.gov/catdir/enhancements/fy1514/2005921578-d.html
856 4 1 _3Table of contents only
_uhttp://www.loc.gov/catdir/enhancements/fy1514/2005921578-t.html
942 _2lcc
_cBK
_n0
999 _c4398
_d4398